000 00389nam a22001577a 4500
008 250524b |||||||| |||| 00| 0 eng d
020 _a0471974684
050 _aQR75
_b.S56
100 _aSingleton, Paul
245 _aBacteria in biology, biotechnology and medicine
250 _a4th
260 _aNew york
_bJohn & sons ltd.
300 _aix,403p.
650 _aBacteria
942 _cBK
999 _c3648
_d3648